000 004270000a22001690004500
003 MACL
005 20160101154958.0
008 160101b xxu||||| |||| 00| 0 eng d
040 _aMACL
_cMACL
041 _aEnglish
082 _a403/GED
100 _aGeddie, W M
_926604
245 _aChambers's Biographical Dictionary
260 _bW & R Chambers
_c1951
_aLondon
650 _aDictionary
_926605
942 _cBK
_k403/Ged
_2ddc
999 _c35237
_d35237